000 02555nam a22004214a 4500
001 ebr10387705
003 CaPaEBR
006 m u
007 cr cn|||||||||
008 040622s2005 aluab sb s001 0 eng
010 _z 2004014702
020 _z0817314407 (cloth : alk. paper)
020 _z0817351469 (pbk. : alk. paper)
040 _aCaPaEBR
_cCaPaEBR
035 _a(OCoLC)183289396
043 _an-usm--
050 1 4 _aE99.I2
_bE47 2005eb
082 0 4 _a673/.3/08997515
_222
100 1 _aEhrhardt, Kathleen L.,
_d1948-
245 1 0 _aEuropean metals in native hands
_h[electronic resource] :
_brethinking the dynamics of technological change, 1640-1683 /
_cKathleen L. Ehrhardt.
260 _aTuscaloosa, Ala. :
_bUniversity of Alabama Press,
_cc2005.
300 _axiv, 253 p. :
_bill., maps.
504 _aIncludes bibliographical references (p. [205]-234) and index.
505 0 _aNative technologies, European contact, and the processes and meanings of material change -- Setting aside the "standard view" : revealing "style" and change in technological systems -- Recovering Illinois copper-base metalworking style : the analytical program -- Indigenous copper working in the midcontinent : situating Illinois copper-base metal use in late protohistory -- Lost sheep-- in the jaws of the wolf : the mid-seventeenth-century Illinois in ethnohistorical and archaeological perspective -- From kettle sheet to ornament : artifact forms, production, and use -- Finding "style" beneath the surface : artifact composition and manufacturing history -- Illinois metalworking style in contexts of social action and technological change.
533 _aElectronic reproduction.
_bPalo Alto, Calif. :
_cebrary,
_d2013.
_nAvailable via World Wide Web.
_nAccess may be limited to ebrary affiliated libraries.
650 0 _aIllinois Indians
_xFirst contact with Europeans.
650 0 _aIllinois Indians
_xIndustries.
650 0 _aIllinois Indians
_xCommerce.
650 0 _aImports
_zMississippi River Valley
_xHistory
_y17th century.
650 0 _aExports
_zEurope
_xHistory
_y17th century.
650 0 _aIndian copperwork
_zMississippi River Valley.
650 0 _aCopper implements
_zEurope
_xHistory.
650 0 _aTechnological innovations
_zMississippi River Valley.
651 0 _aMississippi River Valley
_xHistory
_yTo 1803.
655 7 _aElectronic books.
_2local
710 2 _aebrary, Inc.
856 4 0 _uhttp://site.ebrary.com/lib/rucke/Doc?id=10387705
_zAn electronic book accessible through the World Wide Web; click to view
999 _c92027
_d92027